| 000 | 00447nam a2200169Ia 4500 | ||
|---|---|---|---|
| 999 |
_c850 _d850 |
||
| 003 | OSt | ||
| 005 | 20210916122628.0 | ||
| 008 | 190216s9999||||xx |||||||||||||| ||und|| | ||
| 040 | _coclc | ||
| 082 |
_a892.7 _bMAN/M |
||
| 100 |
_aMangad, Abdurahiman _98678 |
||
| 245 | 4 |
_a Maxims and Puzzles / _cAbdurahiman Mangad |
|
| 260 |
_bAl Huda Book Stall, _c2004. _aCalicut: |
||
| 300 | _a22p | ||
| 650 | _aArabic | ||
| 942 |
_cBK _2ddc _iMAN/M _k892.7 _mMAN/M |
||